[Event "Ruhrgebiet Bezirksliga 17/18"]
[Site "Ruhrgebiet"]
[Date "2018.04.08"]
[Round "9.7"]
[White "Bertschik, Jonas"]
[Black "Halft, Christian"]
[Result "1/2-1/2"]
[WhiteElo "1670"]
[BlackElo "1646"]
[PlyCount "32"]
[EventDate "2017.09.03"]
[EventType "team-tourn"]
[EventRounds "9"]
[EventCountry "GER"]
[SourceTitle "EXT 2022"]
[Source "ChessBase"]
[SourceDate "2021.10.06"]
[SourceVersion "1"]
[SourceVersionDate "2021.10.06"]
[SourceQuality "1"]
[WhiteTeam "Unna SV"]
[BlackTeam "Hamm SG Caissa"]
[WhiteTeamCountry "GER"]
[BlackTeamCountry "GER"]

1. d4 Nf6 2. Nf3 g6 3. Bf4 Bg7 4. e3 0-0 5. h3 d5 6. Be2 c6 7. 0-0 Ne4 8. c4 Nd7 9. Nc3 Ndf6 10. Rc1 Qa5 11. Qb3 Nxc3 12. bxc3 dxc4 13. Bxc4 b5 14. Bd3 Nd5 15. Bg3 Be6 16. Qb2 Nb6 1/2-1/2

[Event "Ruhrgebiet Bezirksliga 17/18"]
[Site "Ruhrgebiet"]
[Date "2017.12.17"]
[Round "5.7"]
[White "Kogan, Anatol"]
[Black "Halft, Christian"]
[Result "1/2-1/2"]
[WhiteElo "1311"]
[BlackElo "1646"]
[PlyCount "43"]
[EventDate "2017.09.03"]
[EventType "team-tourn"]
[EventRounds "9"]
[EventCountry "GER"]
[SourceTitle "EXT 2022"]
[Source "ChessBase"]
[SourceDate "2021.10.06"]
[SourceVersion "1"]
[SourceVersionDate "2021.10.06"]
[SourceQuality "1"]
[WhiteTeam "Unna SV II"]
[BlackTeam "Hamm SG Caissa"]
[WhiteTeamCountry "GER"]
[BlackTeamCountry "GER"]

1. d4 g6 2. Bf4 Nf6 3. Nf3 d6 4. e3 Bg7 5. Nbd2 0-0 6. Bd3 Nbd7 7. h3 b6 8. h4 h5 9. c3 Bb7 10. Qc2 Qe8 11. Be2 c5 12. Rg1 cxd4 13. exd4 e5 14. dxe5 dxe5 15. Be3 Ng4 16. Nf1 Ndf6 17. N3d2 Rd8 18. 0-0-0 Nxe3 19. Nxe3 Bc8 20. Ne4 Nxe4 21. Qxe4 Rxd1+ 22. Rxd1 1/2-1/2

[Event "Ruhrgebiet Bezirksliga 17/18"]
[Site "Ruhrgebiet"]
[Date "2017.11.19"]
[Round "4.8"]
[White "Zimmermann, Egon"]
[Black "Halft, Christian"]
[Result "1/2-1/2"]
[WhiteElo "1515"]
[BlackElo "1646"]
[PlyCount "45"]
[EventDate "2017.09.03"]
[EventType "team-tourn"]
[EventRounds "9"]
[EventCountry "GER"]
[SourceTitle "EXT 2022"]
[Source "ChessBase"]
[SourceDate "2021.10.06"]
[SourceVersion "1"]
[SourceVersionDate "2021.10.06"]
[SourceQuality "1"]
[WhiteTeam "Werne SK"]
[BlackTeam "Hamm SG Caissa"]
[WhiteTeamCountry "GER"]
[BlackTeamCountry "GER"]

1. d4 Nf6 2. Bf4 g6 3. Nf3 Bg7 4. e3 d6 5. Nc3 0-0 6. Bc4 d5 7. Bd3 c6 8. h3 Nbd7 9. 0-0 e6 10. Re1 Qb6 11. Na4 Qb4 12. c3 Qe7 13. b4 b5 14. Nc5 Nxc5 15. bxc5 Qb7 16. Rb1 a6 17. a4 Qa7 18. a5 Nd7 19. Bd6 Re8 20. e4 dxe4 21. Bxe4 Bb7 22. Bc2 Bf8 23. Bxf8 1/2-1/2

[Event "Ruhrgebiet Bezirksliga 17/18"]
[Site "Ruhrgebiet"]
[Date "2017.09.03"]
[Round "1.8"]
[White "Scheibe, Andreas"]
[Black "Halft, Christian"]
[Result "1-0"]
[WhiteElo "1783"]
[BlackElo "1646"]
[PlyCount "43"]
[EventDate "2017.09.03"]
[EventType "team-tourn"]
[EventRounds "9"]
[EventCountry "GER"]
[SourceTitle "EXT 2022"]
[Source "ChessBase"]
[SourceDate "2021.10.06"]
[SourceVersion "1"]
[SourceVersionDate "2021.10.06"]
[SourceQuality "1"]
[WhiteTeam "Werl Wickede SG"]
[BlackTeam "Hamm SG Caissa"]
[WhiteTeamCountry "GER"]
[BlackTeamCountry "GER"]

1. Nf3 Nf6 2. c4 e6 3. g3 Be7 4. Bg2 0-0 5. 0-0 d5 6. d4 dxc4 7. Ne5 Nbd7 8. Nxc4 c5 9. Bf4 Nd5 10. Bd6 N7b6 11. Bxe7 Qxe7 12. Nba3 Rb8 13. dxc5 Qxc5 14. Rc1 Qb4 15. e4 Nf6 16. Qd4 Nfd7 17. Rfd1 Qe7 18. Nb5 Nxc4 19. Rxc4 e5 20. Qxa7 b6 21. Rc7 Qb4 22. Nd6 1-0

[Event "Ruhrgebiet Bezirksliga 16/17"]
[Site "Ruhrgebiet"]
[Date "2017.01.22"]
[Round "7.4"]
[White "Halft, Christian"]
[Black "Happel, Juergen"]
[Result "1/2-1/2"]
[WhiteElo "1693"]
[BlackElo "1646"]
[PlyCount "57"]
[EventDate "2016.08.28"]
[EventType "team-tourn"]
[EventRounds "11"]
[EventCountry "GER"]
[SourceTitle "EXT 2022"]
[Source "ChessBase"]
[SourceDate "2021.10.06"]
[SourceVersion "1"]
[SourceVersionDate "2021.10.06"]
[SourceQuality "1"]
[WhiteTeam "Hamm SG Caissa"]
[BlackTeam "Hamm Koenigsspringer II"]
[WhiteTeamCountry "GER"]
[BlackTeamCountry "GER"]

1. d4 c6 2. Nf3 d5 3. e3 Bg4 4. Be2 Nd7 5. 0-0 Ngf6 6. Nbd2 e6 7. b3 Be7 8. Bb2 0-0 9. c4 Re8 10. Re1 Bf8 11. h3 Bh5 12. c5 b6 13. b4 bxc5 14. bxc5 Rb8 15. Bc3 Qc7 16. Qa4 Bg6 17. Nh4 Ne4 18. Nxe4 Bxe4 19. Nf3 e5 20. Nd2 exd4 21. exd4 Bg6 22. Bf3 Nf6 23. Rxe8 Rxe8 24. Qa6 Rb8 25. Re1 h6 26. a3 Qb7 27. Qa4 Be7 28. Bb4 Qd7 29. Qa6 1/2-1/2